|
|
|
|
| LEADER |
00000nam a2200000 a 4500 |
| 001 |
vtls001411443 |
| 003 |
SK-MaSNL |
| 005 |
20260302035057.0 |
| 008 |
240314s1905 xx 0 und |
| 035 |
|
|
|a SNK000366150
|
| 040 |
|
|
|a SNK
|b slo
|c SNK
|e AACR2
|
| 041 |
0 |
|
|a und
|
| 044 |
|
|
|a xx
|
| 100 |
1 |
|
|a Ortvay, Tivadar,
|d 1843-1916
|4 aut
|9 97895
|
| 245 |
1 |
0 |
|a Geschichte der Stadt Prekburg
|n Zweiter Band
|
| 260 |
|
|
|a Pozsony
|b Karl Stampfel
|c 1905
|
| 300 |
|
|
|a 537 s.
|
| 958 |
|
|
|a ONDV
|
| 999 |
|
|
|c 1069144
|d 1071074
|
| 952 |
|
|
|a SNK
|b SNK
|y PREZ
|7 0
|p 17A0738756
|o snkSB 890/2-4
|0 0
|1 0
|4 0
|d 2011-11-03
|l 0
|r 2025-01-31 00:00:00
|w 2026-02-24
|
| 952 |
|
|
|t P60, <04>, [BOOK], {604}
|a SNK
|b SNK
|y VYP
|7 0
|p 17A0297460
|o snkSB 890/2-4 D2
|0 0
|1 0
|4 0
|d 2001-04-12
|l 0
|r 2005-01-02 00:00:00
|w 2026-02-24
|
| 952 |
|
|
|a SNK
|b SNK
|y VYP
|7 0
|p 17A0492257
|o snkSB 890/2-4 D1
|i snkVIII. 239/55
|3 rekatalogizácia
|0 0
|1 0
|4 0
|d 2006-01-13
|l 0
|r 2026-02-24 15:49:49
|w 2026-02-24
|